<?xml version="1.0" encoding="UTF-8"?><?xml-stylesheet type="text/xsl" href="static/style.xsl"?><OAI-PMH xmlns="http://www.openarchives.org/OAI/2.0/" xmlns:xsi="http://www.w3.org/2001/XMLSchema-instance" xsi:schemaLocation="http://www.openarchives.org/OAI/2.0/ http://www.openarchives.org/OAI/2.0/OAI-PMH.xsd"><responseDate>2026-06-02T12:45:10Z</responseDate><request verb="GetRecord" identifier="oai:riuma.uma.es:10630/20413" metadataPrefix="marc">https://riuma.uma.es/rest/oai/request</request><GetRecord><record><header><identifier>oai:riuma.uma.es:10630/20413</identifier><datestamp>2026-02-03T10:21:00Z</datestamp><setSpec>com_10630_1685</setSpec><setSpec>col_10630_38055</setSpec></header><metadata><record xmlns="http://www.loc.gov/MARC21/slim" xmlns:dcterms="http://purl.org/dc/terms/" xmlns:doc="http://www.lyncode.com/xoai" xmlns:xsi="http://www.w3.org/2001/XMLSchema-instance" xsi:schemaLocation="http://www.loc.gov/MARC21/slim http://www.loc.gov/standards/marcxml/schema/MARC21slim.xsd">
   <leader>00925njm 22002777a 4500</leader>
   <datafield ind2=" " ind1=" " tag="042">
      <subfield code="a">dc</subfield>
   </datafield>
   <datafield ind2=" " ind1=" " tag="720">
      <subfield code="a">Llopis Laguna, Daniel</subfield>
      <subfield code="e">author</subfield>
   </datafield>
   <datafield ind2=" " ind1=" " tag="260">
      <subfield code="c">2020-11-20</subfield>
   </datafield>
   <datafield ind2=" " ind1=" " tag="520">
      <subfield code="a">Son muchas personas y familias que tienen alguna persona mayor dependiente y/o enfermo, pero debido al ritmo de vida no pueden atenderles cómo les gustaría.&#xd;
Partiendo de esta situación, se desea implementar una solución que ayude a las familias a asegurarnos que nuestros mayores o personas con cualquier minusvalía han llegado a su destino cuando hacen un trayecto ellos solos.&#xd;
Para ello, se desea realizar una aplicación móvil en la cual le indiquemos nuestro destino y el medio de transporte (caminando, en transporte público o en automóvil) y calcule el tiempo estimado en llegar. Si transcurrido ese tiempo (con un margen de 15 minutos) no se ha indicado que hemos llegado sanos y salvos, la aplicación mandará un aviso al usuario y caso de no ser respondido, contactará automáticamente por teléfono, whatsapp o SMS con la persona o entidad configurada o con el 112 por defecto.</subfield>
   </datafield>
   <datafield ind1="8" ind2=" " tag="024">
      <subfield code="a">https://hdl.handle.net/10630/20413</subfield>
   </datafield>
   <datafield tag="653" ind2=" " ind1=" ">
      <subfield code="a">Ancianos - Movilidad</subfield>
   </datafield>
   <datafield tag="653" ind2=" " ind1=" ">
      <subfield code="a">Movilidad social</subfield>
   </datafield>
   <datafield tag="653" ind2=" " ind1=" ">
      <subfield code="a">Dispositivos móviles (Informática)</subfield>
   </datafield>
   <datafield tag="653" ind2=" " ind1=" ">
      <subfield code="a">GPS (Sistema de navegación)</subfield>
   </datafield>
   <datafield tag="653" ind2=" " ind1=" ">
      <subfield code="a">Informática - Trabajos Fin de Grado</subfield>
   </datafield>
   <datafield tag="653" ind2=" " ind1=" ">
      <subfield code="a">Grado en Ingeniería del Software - Trabajos Fin de Grado</subfield>
   </datafield>
   <datafield ind2="0" ind1="0" tag="245">
      <subfield code="a">LLegando sano y salvo a mi destino</subfield>
   </datafield>
</record>
</metadata></record></GetRecord></OAI-PMH>